000 00803nam a22002177a 4500
005 20171108130207.0
010 _aB-680715
020 _c695.00
_a9788184875607
035 _aB-680715
037 _aDPL
_bPansy Books
082 _a510.2462
100 _aJain, R.K.
245 _aAdvanced engineering mathematics /
_cby R.K. Jain [and] S.R.K. Iyengar
250 _a5th ed
260 _aNew Delhi
_bNarosa Pub. House
_c2017
270 _a22 Delhi Medical Association Road, Darya Ganj,
_bNew Delhi
_e110002
300 _avarious pagings
_c24cm(pbk)
700 _aIyengar, S.R.K.
942 _2ddc
_cEN
_mDAY
_h510.2462
999 _c147255
_d147255